000 00304nam a22001337a 4500
008 180122b xxu||||| |||| 00| 0 eng d
020 _a2900130803992
041 _aeng
080 _a62
100 _a27
101 _aIM
245 _aCompanion in direct current technology
_cJairam,A
942 _2udc
_cBK
999 _c40637
_d40637